00471 2200193 4500001002100000005001500021008004100036035002000077082000800097084001400105100001500119245005200134250000600186260003600192300001100228650001400239990001200253990001200265INLIS00000000000040420240430015807240430 0 ind  a0010-0424000380 a900 a900 PUR s aM. Purwati1 aSelayang Pandang Kalimantan Timur /cM. Purwati a1 aKlaten :bIntan Pariwara,c2009 a60 hlm 4aNon Fiksi a0728647 a0728648